[Event "Ruhrgebiet VK1 0708"]
[Site "Germany"]
[Date "2008.01.20"]
[Round "5.2"]
[White "Friedrichs, Klaus"]
[Black "Gutowski, Andre"]
[Result "1/2-1/2"]
[WhiteElo "2301"]
[BlackElo "2009"]
[PlyCount "49"]
[EventDate "2007.09.16"]
[EventType "team"]
[EventRounds "9"]
[EventCountry "GER"]
[SourceTitle "EXT 2009"]
[Source "ChessBase"]
[SourceDate "2008.11.26"]
[SourceVersion "1"]
[SourceVersionDate "2008.11.26"]
[SourceQuality "1"]
[WhiteTeam "Ickern"]
[BlackTeam "Muelheim Nord III"]
[WhiteTeamCountry "GER"]
[BlackTeamCountry "GER"]

1. d4 e6 2. Nf3 d5 3. c4 Nf6 4. cxd5 exd5 5. Nc3 Be7 6. Qc2 c6 7. Bg5 g6 8. e4 dxe4 9. Bxf6 Bxf6 10. Qxe4+ Qe7 11. Bc4 Bf5 12. Qxe7+ Kxe7 13. 0-0-0 Re8 14. Rhe1+ Kf8 15. Rxe8+ Kxe8 16. h3 h5 17. Rg1 h4 18. Re1+ Kf8 19. Ne4 Bxe4 20. Rxe4 Nd7 21. Ne5 Nxe5 22. dxe5 Re8 23. e6 fxe6 24. Rxe6 Rxe6 25. Bxe6 1/2-1/2

[Event "Ruhrgebiet VK1 0708"]
[Site "Germany"]
[Date "2007.12.09"]
[Round "4.2"]
[White "Thormann, Andre"]
[Black "Friedrichs, Klaus"]
[Result "1/2-1/2"]
[WhiteElo "2075"]
[BlackElo "2301"]
[PlyCount "63"]
[EventDate "2007.09.16"]
[EventType "team"]
[EventRounds "9"]
[EventCountry "GER"]
[SourceTitle "EXT 2009"]
[Source "ChessBase"]
[SourceDate "2008.11.26"]
[SourceVersion "1"]
[SourceVersionDate "2008.11.26"]
[SourceQuality "1"]
[WhiteTeam "Brambauer "]
[BlackTeam "Ickern"]
[WhiteTeamCountry "GER"]
[BlackTeamCountry "GER"]

1. d4 Nf6 2. Bf4 e6 3. e3 c5 4. c3 b6 5. Nf3 Bb7 6. Nbd2 Be7 7. Bd3 cxd4 8. exd4 d6 9. 0-0 0-0 10. Re1 Nbd7 11. Ne4 Nxe4 12. Bxe4 Bxe4 13. Rxe4 Nf6 14. Re2 Nd5 15. Bg3 b5 16. Ne1 Qd7 17. Nd3 Rfc8 18. Qe1 g6 19. f3 Bf6 20. Nf4 Nxf4 21. Bxf4 b4 22. Rc1 bxc3 23. bxc3 Rc4 24. Rb1 Rac8 25. Rb3 Qc6 26. Bd2 d5 27. Qb1 Qa6 28. Kf1 e5 29. dxe5 Bxe5 30. Qb2 Bd6 31. g3 Ra4 32. Be3 1/2-1/2

[Event "BEL-chT 0506"]
[Site "Belgium"]
[Date "2005.10.09"]
[Round "1"]
[White "Friedrichs, Klaus"]
[Black "Dischinger, Frank"]
[Result "1-0"]
[WhiteElo "2315"]
[BlackElo "2190"]
[PlyCount "59"]
[EventDate "2005.10.09"]
[EventType "team-tourn"]
[EventRounds "11"]
[EventCountry "BEL"]
[SourceTitle "EXT 2006"]
[Source "ChessBase"]
[SourceDate "2005.11.24"]
[SourceVersion "1"]
[SourceVersionDate "2005.11.24"]
[SourceQuality "1"]
[WhiteTeam "KSK47 Eynatten"]
[BlackTeam "KSK47 Eynatten II"]
[WhiteTeamCountry "BEL"]
[BlackTeamCountry "BEL"]

1. d4 d5 2. c4 e6 3. Nf3 c6 4. e3 Bd6 5. Bd3 f5 6. 0-0 Nd7 7. cxd5 cxd5 8. b3 Ngf6 9. Ba3 Bb8 10. Nc3 Ne4 11. Rc1 g5 12. Nxe4 fxe4 13. Rxc8 Qxc8 14. Nxg5 h5 15. Be2 Nf6 16. Bb5+ Nd7 17. Be2 Nf6 18. Bb5+ Nd7 19. Qd2 a6 20. Qb4 Qd8 21. Nxe6 Qf6 22. Bxd7+ Kxd7 23. Nc5+ Ke8 24. Qxb7 Qd6 25. g3 h4 26. Qc8+ Qd8 27. Qc6+ Kf7 28. Qxa8 hxg3 29. fxg3+ Kg8 30. Ne6 1-0

[Event "Bundesliga 0405"]
[Site "Germany"]
[Date "2005.04.09"]
[Round "14.8"]
[White "Migl, Dieter"]
[Black "Friedrichs, Klaus"]
[Result "1/2-1/2"]
[WhiteElo "2198"]
[BlackElo "2319"]
[PlyCount "38"]
[EventDate "2004.11.12"]
[EventType "team-tourn"]
[EventRounds "15"]
[EventCountry "GER"]
[SourceTitle "CBM 107"]
[Source "ChessBase"]
[SourceDate "2005.08.01"]
[SourceVersion "1"]
[SourceVersionDate "2005.08.01"]
[SourceQuality "1"]
[WhiteTeam "Stuttgart"]
[BlackTeam "Muelheim Nord"]
[WhiteTeamCountry "GER"]
[BlackTeamCountry "GER"]

1. e4 d5 2. exd5 Qxd5 3. Nc3 Qa5 4. Bc4 c6 5. d3 Bf5 6. Nge2 e6 7. 0-0 Nd7 8. Bf4 Ngf6 9. Ng3 Bg6 10. Nge4 Nxe4 11. Nxe4 0-0-0 12. Qe1 Qxe1 13. Rfxe1 Be7 14. Bb3 Nc5 15. Nxc5 Bxc5 16. Be3 Bd4 17. Bxd4 Rxd4 18. Re5 b6 19. g3 Kc7 1/2-1/2

[Event "Ruhrgebiet Regionalliga 0405"]
[Site "Ruhrgebiet"]
[Date "2005.03.20"]
[Round "8.1"]
[White "Kilian, Ralf"]
[Black "Friedrichs, Klaus"]
[Result "1/2-1/2"]
[WhiteElo "2219"]
[BlackElo "2223"]
[PlyCount "85"]
[EventDate "2004.09.19"]
[EventType "team"]
[EventRounds "9"]
[EventCountry "GER"]
[SourceTitle "EXT 2006"]
[Source "ChessBase"]
[SourceDate "2005.11.24"]
[SourceVersion "1"]
[SourceVersionDate "2005.11.24"]
[SourceQuality "1"]
[WhiteTeam "Kamen"]
[BlackTeam "Muelheim Nord II"]
[WhiteTeamCountry "GER"]
[BlackTeamCountry "GER"]

1. e4 d5 2. exd5 Qxd5 3. Nc3 Qa5 4. d4 c6 5. Bc4 Bf5 6. Nf3 Nf6 7. Bd2 e6 8. Nd5 Qd8 9. Nxf6+ gxf6 10. Bb3 Nd7 11. Qe2 Qc7 12. Nh4 Bg6 13. f4 f5 14. Nxg6 hxg6 15. Bxe6 fxe6 16. Qxe6+ Kd8 17. Qxg6 Bd6 18. Qg5+ Kc8 19. 0-0-0 Rf8 20. g3 b6 21. Rhe1 Kb7 22. Re6 Rf7 23. Rde1 Rh8 24. h4 Rhh7 25. Rh6 Rxh6 26. Qxh6 Nf6 27. Re6 Ne4 28. Qg6 Rg7 29. Qxf5 Nxd2 30. Kxd2 Rxg3 31. Re4 Rf3 32. d5 c5 33. Ke2 Rxf4 34. Rxf4 Bxf4 35. Kf3 Be5 36. b3 Qg7 37. c4 Bc7 38. Qe4 Bd6 39. Qg4 Qc3+ 40. Ke4 Qd4+ 41. Kf5 b5 42. h5 bxc4 43. bxc4 1/2-1/2

[Event "Ruhrgebiet CupT"]
[Site "Ruhrgebiet"]
[Date "2005.02.19"]
[Round "?.2"]
[White "Friedrichs, Klaus"]
[Black "Georg, Heinz"]
[Result "0-1"]
[WhiteElo "2228"]
[BlackElo "2199"]
[PlyCount "72"]
[EventDate "2005.02.19"]
[EventType "team"]
[EventRounds "2"]
[EventCountry "GER"]
[SourceTitle "EXT 2006"]
[Source "ChessBase"]
[SourceDate "2005.11.24"]
[SourceVersion "1"]
[SourceVersionDate "2005.11.24"]
[SourceQuality "1"]
[WhiteTeam "Muelheim Nord"]
[BlackTeam "Kamen"]
[WhiteTeamCountry "GER"]
[BlackTeamCountry "GER"]

1. d4 f5 2. g3 Nf6 3. Bg2 g6 4. Nf3 Bg7 5. 0-0 0-0 6. b4 d6 7. Bb2 c6 8. c4 Qe8 9. Nbd2 h6 10. Qc2 a5 11. a3 Na6 12. Bc3 axb4 13. axb4 g5 14. Ra5 Nc7 15. Rxa8 Nxa8 16. e3 Nc7 17. Ra1 Qf7 18. Bb2 Ng4 19. b5 cxb5 20. cxb5 Nd5 21. Ra8 Bd7 22. Rxf8+ Bxf8 23. h3 Ngf6 24. Bf1 Qe8 25. e4 fxe4 26. Nxe4 Bxb5 27. Nxf6+ exf6 28. Qf5 Nc7 29. Qxf6 Bxf1 30. d5 Qe7 31. Qh8+ Kf7 32. Kxf1 Nxd5 33. h4 Qe4 34. hxg5 Qxf3 35. Qh7+ Ke8 36. g6 Ne3+ 0-1

[Event "Ruhrgebiet Regionalliga 0405"]
[Site "Ruhrgebiet"]
[Date "2004.09.19"]
[Round "1.4"]
[White "Friedrichs, Klaus"]
[Black "Nissen, Claus"]
[Result "1/2-1/2"]
[WhiteElo "2223"]
[BlackElo "2106"]
[PlyCount "33"]
[EventDate "2004.09.19"]
[EventType "team"]
[EventRounds "9"]
[EventCountry "GER"]
[SourceTitle "EXT 2006"]
[Source "ChessBase"]
[SourceDate "2005.11.24"]
[SourceVersion "1"]
[SourceVersionDate "2005.11.24"]
[SourceQuality "1"]
[WhiteTeam "Muelheim Nord II"]
[BlackTeam "Essen Ueberruhr"]
[WhiteTeamCountry "GER"]
[BlackTeamCountry "GER"]

1. d4 e6 2. Nf3 d5 3. c4 c6 4. e3 Bd6 5. Bd3 f5 6. 0-0 Nf6 7. b3 Qe7 8. Bb2 0-0 9. Nc3 Ne4 10. Ne2 Bd7 11. Ne5 Be8 12. Qc2 Nd7 13. Rae1 Qg5 14. Nf4 Qh6 15. Be2 g5 16. Nfd3 Bg6 17. f4 1/2-1/2

[Event "Ruhrgebiet-ch"]
[Site "Oberhausen"]
[Date "2004.06.20"]
[Round "7"]
[White "Kilian, Ralf"]
[Black "Friedrichs, Klaus"]
[Result "1-0"]
[WhiteElo "2213"]
[BlackElo "2209"]
[PlyCount "153"]
[EventDate "2004.06.10"]
[EventType "swiss"]
[EventRounds "7"]
[EventCountry "GER"]
[SourceTitle "EXT 2006"]
[Source "ChessBase"]
[SourceDate "2005.11.24"]
[SourceVersion "1"]
[SourceVersionDate "2005.11.24"]
[SourceQuality "1"]

1. e4 d5 2. exd5 Qxd5 3. Nc3 Qa5 4. d4 c6 5. Bc4 Bf5 6. Nf3 Nf6 7. Bd2 e6 8. Nd5 Qd8 9. Nxf6+ gxf6 10. Bb3 Qc7 11. Nh4 Bg6 12. Qf3 Nd7 13. 0-0-0 0-0-0 14. Nxg6 hxg6 15. h4 f5 16. h5 gxh5 17. Rxh5 Rxh5 18. Qxh5 Nf6 19. Qh4 Ne4 20. Be3 Be7 21. Qh7 Bf6 22. f3 Rh8 23. Bxe6+ fxe6 24. Qxc7+ Kxc7 25. fxe4 fxe4 26. Rf1 Be7 27. Rf7 Kd8 28. Rg7 Ke8 29. Kd2 Kf8 30. Rg4 Rh4 31. Rxh4 Bxh4 32. Bf4 Bf2 33. c3 Kf7 34. Ke2 Bh4 35. Ke3 b5 36. Kxe4 Bf6 37. Be5 Bg5 38. Bf4 Bf6 39. b3 a6 40. Be5 Bg5 41. a4 Bd2 42. Kd3 Bg5 43. Ke4 Bd2 44. c4 bxa4 45. bxa4 Bh6 46. d5 cxd5+ 47. cxd5 Ke7 48. Kd4 Kd7 49. Bh2 Bf8 50. g4 Be7 51. Bf4 exd5 52. Kxd5 Bh4 53. Be5 Be7 54. Bf4 Bh4 55. Ke5 Ke7 56. Kf5 Kd7 57. Bg5 Be1 58. Bf6 Bd2 59. Be5 Ke7 60. Bf4 Bc3 61. g5 Kf7 62. Be5 Bd2 63. g6+ Kg8 64. Ke6 Be1 65. Kd7 Bd2 66. Kc6 Be1 67. Kb6 a5 68. Kc5 Bd2 69. Kc4 Bg5 70. Bc3 Bd8 71. Kb5 Kf8 72. Bxa5 Bf6 73. Bb4+ Kg7 74. a5 Be5 75. a6 Bb8 76. Kc6 Ba7 77. Bc5 1-0

[Event "Ruhrgebiet-ch"]
[Site "Oberhausen"]
[Date "2004.06.13"]
[Round "4"]
[White "Friedrichs, Klaus"]
[Black "Frombach, Ralf"]
[Result "1-0"]
[WhiteElo "2209"]
[BlackElo "2145"]
[PlyCount "79"]
[EventDate "2004.06.10"]
[EventType "swiss"]
[EventRounds "7"]
[EventCountry "GER"]
[SourceTitle "EXT 2006"]
[Source "ChessBase"]
[SourceDate "2005.11.24"]
[SourceVersion "1"]
[SourceVersionDate "2005.11.24"]
[SourceQuality "1"]

1. d4 Nf6 2. Nf3 d5 3. c4 dxc4 4. e3 Bg4 5. Bxc4 e6 6. Nc3 a6 7. h3 Bh5 8. 0-0 Nc6 9. Be2 Bd6 10. b3 0-0 11. Bb2 Qe7 12. Ne5 Bxe2 13. Nxe2 Bxe5 14. dxe5 Nd7 15. f4 Rfd8 16. Qe1 Qc5 17. Ng3 Nb4 18. Ne4 Qb6 19. Qe2 Qc6 20. Ng5 Qc2 21. Qh5 Qg6 22. Qf3 h6 23. Ne4 b6 24. Rad1 Nc5 25. Nxc5 bxc5 26. e4 Nxa2 27. f5 exf5 28. exf5 Qb6 29. Kh1 c4 30. f6 Qxb3 31. Qg4 g6 32. e6 c3 33. e7 Re8 34. Bc1 Nxc1 35. Rxc1 a5 36. Qf3 a4 37. Rxc3 Qb6 38. Rd1 a3 39. Qxa8 Rxa8 40. Rd8+ 1-0